Cinco milenios de caracteres chinos (Record no. 189049)

MARC details
000 -LEADER
campo de control de longitud fija 00830nam a2200241 i 4500
001 - NÚMERO DE CONTROL
campo de control 189049
003 - IDENTIFICADOR DE NÚMERO DE CONTROL
campo de control SpMaBN
005 - FECHA Y HORA DE LA ÚLTIMA TRANSACCIÓN
campo de control 20240103182744.0
008 - DATOS DE LONGITUD FIJA--INFORMACIÓN GENERAL
campo de control de longitud fija 190325s2009 cc a |||| | spa d
020 ## - NÚMERO INTERNACIONAL ESTÁNDAR DEL LIBRO
Número Internacional Estándar del Libro 978-7-80200-645-4
080 ## - NÚMERO DE LA CLASIFICACIÓN DECIMAL UNIVERSAL
Número de la Clasificación Decimal Universal 003.324.1(091)
080 ## - NÚMERO DE LA CLASIFICACIÓN DECIMAL UNIVERSAL
Número de la Clasificación Decimal Universal 811.581'373.6
245 00 - MENCIÓN DEL TÍTULO
Título Cinco milenios de caracteres chinos
Resto del título = Han zi wu qian nian /
Mención de responsabilidad, etc. [asesor general, Xu Jialu ; director, Xu Lin ; redactores, Mai Tianshu ... (et al.)].
246 31 - FORMA VARIANTE DEL TITULO
Título propio/Titulo breve Han zi wu qian nian
250 ## - MENCION DE EDICION
Mención de edición 1ª ed.
260 ## - PUBLICACIÓN, DISTRIBUCIÓN, ETC.
Lugar de publicación, distribución, etc. Beijing :
Nombre del editor, distribuidor, etc. Sinolingua,
Fecha de publicación, distribución, etc. 2009.
300 ## - DESCRIPCIÓN FÍSICA
Extensión 183 p. :
Otras características físicas il. col. y n., mapas ;
Dimensiones 23 cm.
650 #7 - PUNTO DE ACCESO ADICIONAL DE MATERIA--TÉRMINO DE MATERIA
Término de materia o nombre geográfico como elemento de entrada Escritura china-
Subdivisión de forma Historia.
9 (RLIN) 166689
650 #7 - PUNTO DE ACCESO ADICIONAL DE MATERIA--TÉRMINO DE MATERIA
Término de materia o nombre geográfico como elemento de entrada Lengua china.
9 (RLIN) 14111
852 ## - LOCALIZACIÓN
Ubicación ES-MaACL
Número de control de estantería A-14439
itemnumber 196186
Sublocalización o colección R.151841
Ubicación en estantería Depósito 1
Signatura antigua Olim: N-7439
942 ## - ELEMENTOS DE ENTRADA SECUNDARIOS (KOHA)
Fuente del sistema de clasificación o colocación Clasificación decimal universal
Tipo de ítem Koha Libro impreso
Holdings
Estatus retirado Estado de pérdida Fuente del sistema de clasificación o colocación Estado de daño No para préstamo Biblioteca de origen Biblioteca actual Ubicación en estantería Fecha de adquisición Fuente de adquisición Total de préstamos Signatura topográfica completa Código de barras Visto por última vez Precio de reemplazo Tipo de ítem Koha
    Clasificación decimal universal     Biblioteca del Ateneo de Madrid Biblioteca del Ateneo de Madrid Sala Pecera Planta 1 25/03/2019 Donación   A-14439 1200219 23/02/2023 23/02/2023 Libro impreso